LEADER 01769nam a2200337 u 4500 001 000000060086 003 CaOOAMICUS 005 20070226120855.0 008 010713s1985 it d u000 u fre u 035 $a10897245 040 $aPUL(R)$bita 111 2 $aColloque de Logique Déontique de Rome$d(1983).$0(OLS)http://pul/name/41266 245 14$aLes fondements logiques de la pensée normative :$bactes du Colloque de Logique Déontique de Rome /$cédités par Georges Kalinowski et Filippo Selvaggi. 260 $aRoma :$bGregorian University Press,$c1985. 300 $aix, 205 p. :$bill ;$c24 cm 490 1 $aAnalecta Gregoriana ;$v240 490 1 $aAnalecta Gregoriana., Series Facultatis Philosophiae.$aSectio A ;$v13 650 4$aLogica$xCongressi.$0(OLS)http://pul/subject/23250 650 4$aSemantica (filosofia).$0(OLS)http://pul/subject/20224 700 1 $aSelvaggi, Filippo,$cS.I.$0(OLS)http://pul/name/13284 700 1 $aKalinowski, Georges.$0(OLS)http://pul/name/30133 710 2 $aPontificia Università Gregoriana.$0(OLS)http://pul/name/147 830 0$aAnalecta Gregoriana ;$v240.$0(OLS)http://pul/title/183 830 0$aAnalecta Gregoriana.$pSeries Facultatis Philosophiae.$nSectio A ;$v13.$0(OLS)http://pul/title/14816 850 $aPUL 852 $aPUL$W1$xSL Religione 2$y84$mTheol A1 240$j78294$nBK-PRI$b $qStampati altre collocazioni$B78294$CPULBib$Z2$F78294 $H $81 910 $aPontificia Universitas Gregoriana$9147 941 1 $a10 961 $aINV: 60630 996 $6245$aLes fondements logiques de la pensée normative :$bactes du Colloque de Logique Déontique de Rome$9(OLS)http://pul/title/80338 996 $6260$aRoma :$bGregorian University Press$9(OLS)http://pul/publisher/53856 LEADER 01909nam a2200421 a 4500 001 000000169849 003 CaOOAMICUS 005 20181009152903.0 008 181009s2018 it u000 u ita r 020 $a978-88-93177-74-0* 032 $aLibriCat 040 $aPUL$bita 082 04$a348.45 110 2 $aUnione europea.$0(OLS)http://pul/name/54009 240 10$aCodice dell'Unione europea (2018).$0(OLS)http://pul/title/210509 245 10$aCodice dell'Unione Europea : $bil diritto costituzionale dell'Unione Europea, lo spazio di cooperazione giudiziaria civile /$ca cura di Raffaella Pastore . 250 $a5. ed. 260 $aPiacenza :$bLa Tribuna,$c©2018. 300 $a973 p. ; $c19 cm. 490 1 $aI codici vigenti 2018 500 $aComprende indici. 500 $aTesto su due colonne. 500 $aIn coperta: Con le nuove norme sulla privacy (Reg. n. 679/2016 rettificato il 23/05/2018). 610 14$aUnione europea$xDiritto$xFonti.$0(OLS)http://pul/subject/36666 700 1 $aPastore, Raffaella.$0(OLS)http://pul/name/51491 830 2$aI Codici vigenti 2018.$0(OLS)http://pul/title/209366 850 $aPUL 852 $aPUL$W1$xDP2 Diritto e Scienze Sociali 3$y110$m348. 45 COD 3.122$j192768$qDDC 21$B197959$CPULBib$Z2$F197959 $H131343 $81 910 $aComunità economica europea (CEE)$954009 910 $aComunità economica europea (CEE)$954009 910 $aEuropean Union$954009 910 $aUE$954009 941 1 $a9 996 $6020$a978-88-93177-74-0*$9(OLS)http://pul/number/164849 996 $6082$a348.45$9(OLS)http://pul/classification/373 996 $6245$aCodice dell'Unione Europea : $bil diritto costituzionale dell'Unione Europea, lo spazio di cooperazione giudiziaria civile$9(OLS)http://pul/title/210510 996 $6260$aPiacenza :$bLa Tribuna$9(OLS)http://pul/publisher/69734